000
00231nam a22000857a 4500
008
160922b xxu||||| |||| 00| 0 eng d
100
_9
716
_a
Goel.D.K.etal
245
_a
Financial Statement-XXI
260
_a
New Delhi
_b
AP. Publications
_c
2012
999
_c
3373
_d
3373